Responses for show #8245 - Friday, September 25, 2020

Contestants

[<< previous game]

Alyssa Weinberger, a media rights assistant from Los Angeles, California

Julissa Castillo, an operations manager from Los Angeles, California

Sameer Gandhi, a writer from Pasadena, California (whose 1-day cash winnings total $22,200)

[next game >>]

Jeopardy! Round responses

TRAVELING ON THE INTERSTATE
GUYS NAMED DOUG
WJPY CLASSICAL RADIO
SOUNDS LIKE A BOAT PART
HEARD ON A TV DRAMA
COIF SUPPRESSANT
    $200 20
Puerto Rico

Julissa
    $200 7
the Heisman Trophy

Sameer
    $200 11
keel

Julissa
    $200 2
Stranger Things

Alyssa
    $200 1
mousse

Julissa
    $400 21
(Alyssa: What is San Diego?)

Boston

SameerAlyssa
    $400 8
Doug E. Fresh

Julissa
    $400 12
bough

Alyssa
    $400 3
Mad Men

Julissa
    $400 16
an iron

Julissa
    $600 22
Vancouver

Julissa
    $600 9
Merlin

Triple Stumper
    $600 28
[The end-of-round signal sounds.]

Baroque

Julissa
    $600 13
deck

Sameer
    $600 4
Blindspot

Alyssa
    $600 17
a bandana

Alyssa
    $2,000 23
New Orleans

Julissa
    $800 10
(Julissa: What is the pope?)
(Sameer: What is Surgeon General?)

a Justice of the Supreme Court

SameerJulissa
Triple Stumper
    $800 27
Haydn

Sameer
    $800 14
to hatch

Triple Stumper
    $800 5
Designated Survivor

Alyssa
    $800 18
a scrunchie

Julissa
    $1000 24
(Alex: Yes, less than a minute now.)

New Jersey

Julissa
    $1000 25
Douglas Adams

Alyssa
    $1000 26
(Alyssa: What is Carmen?)

The Bartered Bride

Alyssa
Triple Stumper
    $1000 15
hull

Julissa
    $1000 6
Narcos

Julissa
    $1000 19
pomade

Alyssa

Scores at the first commercial break (after clue 15):

Sameer Julissa Alyssa
$0 $2,400 $2,000

Scores at the end of the Jeopardy! Round:

Sameer Julissa Alyssa
$1,200 $8,000 $3,200

Double Jeopardy! Round responses

PLAYS
ALL THINGS BELGIAN
FLICK OF SEAGULLS
1920
ICE CREAM
DOUBLE "E" FOR THEE
    $400 6
a jury

Julissa
    $400 14
a dog

Julissa
    $400 21
The Little Mermaid

Alyssa
    $400 26
Warren G. Harding

Sameer
    $400 7
Häagen-Dazs

Julissa
    $400 1
(Sameer: [**]. What is [**]?)
[Sameer's response was ruled incorrect and the decision was reversed when the Daily Double was uncovered.]

veer (careen)

SameerAlyssa
    $800 10
Judy Garland

Julissa
    $800 17
French fries

Sameer
    $800 22
(Julissa: What is Ant-Man? And Wasp Woman?)

Ant-Man and the Wasp

JulissaAlyssa
    $800 27
[The end-of-round signal sounds.]

Qantas

Julissa
    $800 8
gelato

Julissa
    $800 2
(Julissa: Who are the Pharisees?)

the meek

Julissa
Triple Stumper
    $2,000 11
The Elephant Man

Julissa
    $1200 18
(Sameer: What is Bruges?)

Antwerp

Sameer
Triple Stumper
    $1200 23
(Alex: Less than a minute now.)

Steven Seagull

Julissa
    $1200 9
St. Louis

Triple Stumper
    $1200 3
beets

Sameer
    $1600 12
The Sisters Rosensweig

Sameer
    $1600 19
(René) Magritte

Sameer
    $1600 24
Chekhov

Sameer
    $1600 15
mochi

Sameer
    $1600 4
to deem

Triple Stumper
    $2000 13
The Matchmaker

Triple Stumper
    $2,000 20
Mercator

Sameer
    $2000 25
Tippi Hedren

Sameer
    $2000 16
tahini

Alyssa
    $2000 5
(Alyssa: What is veneer?)

filigree

SameerAlyssa

Scores at the end of the Double Jeopardy! Round:

Sameer Julissa Alyssa
$15,200 $13,200 $4,800

[wagering suggestions for these scores]

Final Jeopardy! Round responses

HIGHEST-PAID ATHLETES
AlyssaWho is Jagr?
$4,700
JulissaWho is Phil
$13,199
SameerWho is Mr. Magoo
$0
Phil Mickelson

Final scores:

Sameer Julissa Alyssa
$15,200 $1 $100
2-day champion: $37,400 3rd place: $1,000 2nd place: $2,000

Game dynamics:

Coryat scores:

Sameer Julissa Alyssa
$15,200 $11,200 $4,800
15 R
(including 1 DD),
2 W
21 R
(including 2 DDs),
3 W
11 R,
3 W

Combined Coryat: $31,200

The J! Archive is created by fans, for fans. The Jeopardy! game show and all elements thereof, including but not limited to copyright and trademark thereto, are the property of Jeopardy Productions, Inc. and are protected under law. This website is not affiliated with, sponsored by, or operated by Jeopardy Productions, Inc. Join the discussion at JBoard.tv.